Holiday Quiz

Random Holiday or Halloween Quiz
Score 0/30 Timer 07:00
0 Plays Today
% Correct
cauldron
89.8%
Grim Reaper
89.1%
jack-o'-lantern
88.3%
soul cake
87.5%
prank
86.5%
holy water
83.2%
scythe
82.4%
séance
81.8%
grave robbery
79.4%
witchcraft
77.4%
ghost
74.1%
vampire
70%
demons
69.6%
grimoire
64.9%
Punkie Night
63.9%
% Correct
poltergeist
63.2%
macabre
61.7%
zombie
61%
vigil
60.4%
Samhain
58.1%
hallow
57.3%
nighthawking
55.6%
Witch of Endor
54.7%
propitiation
51.8%
banshee
51.7%
hag of the mist
50.1%
ghoul
49.9%
guising
48.2%
mummering
44.5%
body snatching
33.6%

You're not logged in!

Compare scores with friends on all Sporcle quizzes.
OR
Log In

Sporcle TV

Today on Sporcle TV


Watch our educational content, quiz creation guides, and fun videos on Sporcle TV.

Show Comments

Extras

Top Quizzes Today


Score Distribution

Your Account Isn't Verified!

In order to create a playlist on Sporcle, you need to verify the email address you used during registration. Go to your Sporcle Settings to finish the process.

Report this User

Report this user for behavior that violates our Community Guidelines.

Details: